Crazy Facts About Countries - Statistics

General Stats
  • This quiz has been taken 21 times
  • The average score is 5 of 15
Answer Stats
Hint Answer % Correct
France changed the tint of the colour _____ on their flag in 2021. Blue
74%
In China, this Chinese-made app is banned: _______ TikTok
68%
The President of Belarus oppresses those who speak _____ Belarusian
53%
Turkey has the only major city split into 2 _______ Continents
47%
Japan recently started importing rice from this country: ____ _____ instead of home-growing it. South Korea
42%
South Sudan is the world’s ________ country (For Now) Youngest
42%
It’s illegal to own a ____ in Tuvalu. Car
37%
Nauru is the smallest country by area to have an _______ Airport
26%
In Sweden, you can’t vote for this cartoon character: _______ ______ Donald Duck
21%
Ethiopia is actually ________ Landlocked
21%
Spain had the deadliest Air Accident in world history in this year ____ 1977
16%
In Taiwan, you can’t give an ___ to a child under 2. iPad
11%
In Iceland, the water is made from _________ Geysers
5%
Despite being neutral, Switzerland has powerful ______ Missiles
5%
In Bhutan, there are no ______ _____ Traffic Lights
0%
No matching quizzes found
Score Distribution
Percent of People with Each Score
Percentile by Number Answered
Your Score History
You have not taken this quiz